[Event "XVII Aberto "]
[Site "Ourense"]
[Date "2008.07.07"]
[Round "5.14"]
[White "Vidal Del Rio, Manuel"]
[Black "Almagro Llamas, Pablo"]
[Result "1/2-1/2"]
[WhiteElo "2188"]
[BlackElo "2492"]
[PlyCount "85"]
[EventDate "2008.07.03"]

1. e4 c6 2. d3 d5 3. Nd2 e5 4. Ngf3 Bd6 5. d4 exd4 6. exd5 c5 7. Bb5+ Bd7 8.
Qe2+ Kf8 9. O-O Nf6 10. Bc4 Bg4 11. Re1 Nbd7 12. Ne4 Qc7 13. Nxd6 Qxd6 14. Bg5
Nb6 15. c3 dxc3 16. bxc3 h6 17. Bh4 Bxf3 18. gxf3 Re8 19. Qd3 Qf4 20. Rxe8+
Nxe8 21. d6 Qxh4 22. d7 Nxd7 23. Qxd7 Qxc4 24. Re1 g6 25. Rxe8+ Kg7 26. Re7
Qxa2 27. Qxb7 Rd8 28. Qc7 Qd5 29. Rxf7+ Qxf7 30. Qxd8 c4 31. Qd4+ Kh7 32. Kg2
Qc7 33. Qd5 a5 34. Qb5 h5 35. f4 Qa7 36. Qxc4 a4 37. f5 gxf5 38. Qd5 Qg7+ 39.
Kf1 Qg4 40. Qf7+ Kh6 41. Qf8+ Kh7 42. Qf7+ Kh6 43. Qf8+ 1/2-1/2

[Event "XVII Aberto "]
[Site "Ourense"]
[Date "2008.07.07"]
[Round "5.15"]
[White "Perez Candelario, Matias"]
[Black "Guerra Mendez, Jose Angel"]
[Result "1/2-1/2"]
[WhiteElo "2064"]
[BlackElo "2456"]
[PlyCount "88"]
[EventDate "2008.07.03"]

1. e4 c5 2. Nf3 d6 3. d4 cxd4 4. Nxd4 Nf6 5. Nc3 a6 6. Be2 e5 7. Nb3 Be7 8. Be3
Be6 9. O-O O-O 10. f4 exf4 11. Rxf4 Nbd7 12. Nd5 Bxd5 13. exd5 Nb6 14. c4 Nfd7
15. Bd4 Bf6 16. Bxf6 Nxf6 17. Nd4 Nbd7 18. Qd2 Qb6 19. Kh1 Rae8 20. Bd3 Ne5 21.
Raf1 Nxd3 22. Qxd3 Qxb2 23. Nf5 Re2 24. Qf3 Rfe8 25. Qg3 g6 26. Nxd6 Nh5 27.
Qg4 Nxf4 28. Nxe8 Rf2 29. Rg1 Qe5 30. Qc8 h5 31. d6 Rd2 32. d7 Ne6 33. Rf1 Kh7
34. h4 Rf2 35. Rxf2 Qe1+ 36. Kh2 Qxf2 37. d8=Q Nxd8 38. Qxd8 Qf4+ 39. Kg1 Qe3+
40. Kf1 Qc1+ 41. Kf2 Qf4+ 42. Kg1 Qe3+ 43. Kh2 Qe5+ 44. Kg1 Qe1+ 1/2-1/2

[Event "XVII Aberto "]
[Site "Ourense"]
[Date "2008.07.07"]
[Round "5.16"]
[White "Galan Martin, Pedro Juan"]
[Black "Alcazar Jimenez, Victor"]
[Result "0-1"]
[WhiteElo "2114"]
[BlackElo "2391"]
[PlyCount "86"]
[EventDate "2008.07.03"]

1. e4 c5 2. Nf3 d6 3. d4 Nf6 4. Nc3 cxd4 5. Nxd4 e6 6. Be2 a6 7. O-O Nbd7 8. a4
b6 9. f4 Bb7 10. Bf3 Rc8 11. Qe2 Qc7 12. Nb3 h5 13. h3 Be7 14. Be3 g6 15. Rad1
h4 16. Bf2 e5 17. Qe3 Bd8 18. Rd2 Nh5 19. Bxh5 Rxh5 20. Nd5 Qc4 21. Rfd1 Bxd5
22. Rxd5 Be7 23. fxe5 Nxe5 24. Qxb6 Qxe4 25. Qxa6 Rd8 26. Nc5 Qxc2 27. Nb7 Rg5
28. Qb5+ Kf8 29. Nxd8 Qe4 30. Qf1 Nf3+ 31. Kh1 Rxd5 32. Rxd5 Qxd5 33. gxf3 Bxd8
34. Qe2 Qf5 35. Kg2 Qg5+ 36. Kh1 Bf6 37. Qe3 Qf5 38. Kg2 Bxb2 39. Bxh4 Qc2+ 40.
Kh1 Qxa4 41. Be7+ Kg7 42. Qd2 Bd4 43. Bxd6 Qa1+ 0-1

[Event "XVII Aberto "]
[Site "Ourense"]
[Date "2008.07.07"]
[Round "5.17"]
[White "Carril Garcia, Luis"]
[Black "Rivera Kuzawka, Daniel"]
[Result "1/2-1/2"]
[WhiteElo "2034"]
[BlackElo "2322"]
[PlyCount "64"]
[EventDate "2008.07.03"]

1. Nf3 c5 2. c4 Nc6 3. g3 e5 4. Nc3 g6 5. Bg2 Bg7 6. O-O Nge7 7. d3 d6 8. Rb1
O-O 9. a3 a5 10. Bd2 Rb8 11. Ne1 Be6 12. Nc2 f5 13. b4 axb4 14. axb4 e4 15.
bxc5 exd3 16. exd3 dxc5 17. Na4 Qxd3 18. Nxc5 Qxc4 19. Nxb7 Qa2 20. Nb4 Nxb4
21. Bxb4 Rfe8 22. Re1 Kh8 23. Qd6 Nd5 24. Rbd1 Nxb4 25. Qxb4 Qb3 26. Qd6 Bg8
27. Rxe8 Rxe8 28. Nc5 Qb4 29. Bf3 Bf8 30. Qf6+ Bg7 31. Qd6 Bf8 32. Qf6+ Bg7
1/2-1/2

[Event "XVII Aberto "]
[Site "Ourense"]
[Date "2008.07.07"]
[Round "5.18"]
[White "Arnaudov, G. Petar"]
[Black "De Nacimiento Montaño, Antonio"]
[Result "1-0"]
[WhiteElo "2311"]
[BlackElo "2045"]
[PlyCount "45"]
[EventDate "2008.07.03"]

1. d4 g6 2. c4 Bg7 3. Nc3 c5 4. d5 Bxc3+ 5. bxc3 Qa5 6. Qc2 f5 7. e4 fxe4 8. f3
Nf6 9. fxe4 Nxe4 10. Bd3 Nf6 11. Nf3 d6 12. O-O Bd7 13. Ng5 Na6 14. Nxh7 O-O-O
15. Nxf6 exf6 16. Rxf6 Ba4 17. Qb2 Qc7 18. Bg5 Rdf8 19. Raf1 Rxf6 20. Rxf6 Qh7
21. h4 Qh5 22. Bxg6 Qd1+ 23. Rf1 1-0

[Event "XVII Aberto "]
[Site "Ourense"]
[Date "2008.07.07"]
[Round "5.19"]
[White "Villar Perez, Samuel"]
[Black "Chemeris, Román"]
[Result "1/2-1/2"]
[WhiteElo "1937"]
[BlackElo "2303"]
[PlyCount "71"]
[EventDate "2008.07.03"]

1. d4 e6 2. c4 f5 3. Nc3 Nf6 4. Bg5 Bb4 5. Qc2 h6 6. Bxf6 Qxf6 7. Nf3 Nc6 8. a3
Bxc3+ 9. Qxc3 d6 10. O-O-O e5 11. d5 Nb8 12. Nd2 O-O 13. e4 a5 14. g3 f4 15. f3
a4 16. Bd3 Na6 17. Rdg1 Nc5 18. Kb1 Bd7 19. Be2 Rab8 20. gxf4 Qxf4 21. Rg6 Rf6
22. Rg3 Kh7 23. Rhg1 g5 24. Nf1 Rbf8 25. h3 R6f7 26. Ne3 Nb3 27. Bd1 Nd4 28.
Ng4 b5 29. c5 Bc8 30. c6 Bxg4 31. hxg4 Kg7 32. Rh3 Rf6 33. Rgh1 R8f7 34. R1h2
Re7 35. Qe1 Rg6 36. Qh1 1/2-1/2

[Event "XVII Aberto "]
[Site "Ourense"]
[Date "2008.07.07"]
[Round "5.21"]
[White "Gallego Martin, Miguel"]
[Black "Fernandez Borrego, Pablo"]
[Result "0-1"]
[WhiteElo "1848"]
[BlackElo "2229"]
[PlyCount "126"]
[EventDate "2008.07.03"]

1. d4 e6 2. c4 Nf6 3. Nf3 d5 4. e3 Be7 5. Nc3 O-O 6. Bd3 Nbd7 7. O-O dxc4 8.
Bxc4 c5 9. Qe2 a6 10. Bd3 b5 11. a4 b4 12. Nb1 Bb7 13. Nbd2 cxd4 14. exd4 Nb6
15. a5 Nbd5 16. Nc4 b3 17. Bg5 Nb4 18. Bb1 h6 19. Bh4 Rc8 20. Nb6 Rc7 21. Bg3
Bd6 22. Ne5 Nc2 23. Ra4 Nd5 24. Nbc4 Qe8 25. Bxc2 Qxa4 26. Bxb3 Qxb3 27. Nxd6
Nf6 28. Nxb7 Qxb7 29. Nd3 Rc6 30. Nc5 Qb4 31. Be5 Nd5 32. Nd7 Rd8 33. Qg4 g6
34. Nf6+ Nxf6 35. Bxf6 Rd5 36. Qh4 Kh7 37. Be7 Qxd4 38. g4 Qf4 39. b4 Rc1 40.
Qg3 Qxg3+ 41. hxg3 Rc4 42. f3 Kg7 43. Rf2 e5 44. Re2 f6 45. Kf2 Kf7 46. Bc5 f5
47. gxf5 gxf5 48. Ke3 Rc3+ 49. Kf2 Kf6 50. Bf8 h5 51. Bc5 Rdd3 52. Re3 Rxe3 53.
Bxe3 Rc4 54. Bc5 f4 55. gxf4 exf4 56. Kg2 Kf5 57. Be7 Rc2+ 58. Kh3 Rf2 59. Bd8
Rxf3+ 60. Kh4 Rd3 61. Be7 f3 62. Bc5 Kf4 63. b5 Rd5 0-1

[Event "XVII Aberto "]
[Site "Ourense"]
[Date "2008.07.07"]
[Round "5.22"]
[White "Lopez Garrido, Daniel"]
[Black "Garcia-Ortega Mendez, Jose M"]
[Result "0-1"]
[WhiteElo "1953"]
[BlackElo "2196"]
[PlyCount "118"]
[EventDate "2008.07.03"]

1. e4 d6 2. d4 Nf6 3. Nc3 g6 4. f4 Bg7 5. Bc4 O-O 6. e5 Ne8 7. Nf3 c6 8. h3 b5
9. Bd3 b4 10. Ne2 Ba6 11. g4 Bxd3 12. Qxd3 Nd7 13. e6 fxe6 14. Ng5 Qa5 15. Qe4
Qd5 16. Qxe6+ Qxe6 17. Nxe6 Rf6 18. Nxg7 Nxg7 19. Bd2 Rb8 20. O-O-O a5 21. Ng3
Nb6 22. Rde1 Nd5 23. Re4 Rbf8 24. Rhe1 e6 25. Ne2 R6f7 26. a3 Rb7 27. axb4 axb4
28. Kd1 Ra8 29. Nc1 Kf7 30. Nd3 Rh8 31. Ke2 h5 32. Kf3 hxg4+ 33. hxg4 Nf6 34.
R4e2 b3 35. Kg3 bxc2 36. Bb4 Nd5 37. Bxd6 Rb3 38. Rd2 Ne8 39. Be5 Nb4 40. Bxh8
Nxd3 41. Rxc2 Nxe1+ 42. Rc3 Rxc3+ 43. bxc3 Nc2 44. Kf3 Na3 45. Ke4 Nd6+ 46. Kd3
Nac4 47. Ke2 Ke7 48. Kd3 Ke8 49. Ke2 Nf7 50. Bf6 Nb6 51. Kf3 Nd5 52. Bg7 Nxc3
53. f5 gxf5 54. gxf5 exf5 55. Kf4 Nd6 56. Ke5 Kd7 57. Bf8 Nce4 58. d5 c5 59.
Bh6 Nf7+ 0-1

[Event "XVII Aberto "]
[Site "Ourense"]
[Date "2008.07.07"]
[Round "5.23"]
[White "Vidal Del Rio, Diego"]
[Black "Piay Garcia, Alba"]
[Result "1-0"]
[WhiteElo "2146"]
[BlackElo "1938"]
[PlyCount "111"]
[EventDate "2008.07.03"]

1. e4 d5 2. exd5 Nf6 3. Bb5+ Bd7 4. Bc4 Bg4 5. f3 Bf5 6. Nc3 Nbd7 7. d3 Nb6 8.
Bb5+ Bd7 9. Bc4 Bf5 10. Bf4 Rc8 11. Qe2 Nfxd5 12. Nxd5 Nxd5 13. Qe5 e6 14. Bxd5
Qxd5 15. g4 Qxe5+ 16. Bxe5 Bg6 17. Ne2 f6 18. Bd4 e5 19. Be3 Bd6 20. O-O-O O-O
21. h4 Rcd8 22. Ng3 Be8 23. Rhf1 Bc6 24. f4 exf4 25. Bxf4 Rfe8 26. Bxd6 Rxd6
27. Rde1 Rde6 28. Rxe6 Rxe6 29. Kd2 Re5 30. d4 Re8 31. c4 h6 32. Kd3 Bd7 33.
Nf5 Bxf5+ 34. gxf5 h5 35. b4 Kf7 36. a4 g5 37. fxg6+ Kxg6 38. Rg1+ Kf7 39. d5
Re5 40. Rf1 Kg6 41. a5 Re7 42. c5 Re5 43. Kd4 Re2 44. d6 cxd6 45. cxd6 Kf7 46.
Rf5 Rd2+ 47. Kc5 Ke6 48. Rxh5 Rxd6 49. Rh7 b6+ 50. Kb5 a6+ 51. Kxa6 bxa5+ 52.
Kxa5 Rd1 53. b5 f5 54. b6 f4 55. b7 Rb1 56. Rh6+ 1-0

[Event "XVII Aberto "]
[Site "Ourense"]
[Date "2008.07.07"]
[Round "5.24"]
[White "Villalta Bustillo, Igor"]
[Black "Margarido, Ricardo Emanuel Tor"]
[Result "1-0"]
[WhiteElo "2146"]
[BlackElo "1864"]
[PlyCount "87"]
[EventDate "2008.07.03"]

1. d4 Nf6 2. Nf3 e6 3. Nbd2 c5 4. e3 b6 5. Bd3 Bb7 6. c3 Be7 7. Qe2 O-O 8. e4
cxd4 9. cxd4 Nc6 10. a3 Rc8 11. O-O Rc7 12. Re1 Qa8 13. h3 Rfc8 14. e5 Nd5 15.
Ne4 Na5 16. Nfg5 h6 17. Nxf7 Rxc1 18. Nxh6+ gxh6 19. Raxc1 Rxc1 20. Rxc1 Qf8
21. Ng3 Bg5 22. Qg4 Qf4 23. Rd1 Qxg4 24. hxg4 Nf4 25. Bf1 Nc6 26. Ne2 Ne7 27.
Nxf4 Bxf4 28. g3 Bf3 29. Rd3 Bc1 30. Rxf3 Bxb2 31. Bb5 Nc6 32. Bxc6 dxc6 33.
Rf6 Bxd4 34. Rxh6 Bxe5 35. Rxe6 Bb2 36. Rxc6 Bxa3 37. Rc8+ Bf8 38. Ra8 a5 39.
Rb8 a4 40. Rxb6 Kf7 41. Ra6 a3 42. f4 Be7 43. Kg2 Bc5 44. Kf3 1-0

[Event "XVII Aberto "]
[Site "Ourense"]
[Date "2008.07.07"]
[Round "5.25"]
[White "Tamayo Romay, Javier"]
[Black "Fernandez Andrade, Antonio"]
[Result "1-0"]
[WhiteElo "2217"]
[BlackElo "1861"]
[PlyCount "67"]
[EventDate "2008.07.03"]

1. e4 c5 2. d4 cxd4 3. c3 d6 4. Nf3 e6 5. Nxd4 Nf6 6. Bd3 Be7 7. O-O O-O 8. c4
Nc6 9. Be3 Nb4 10. Nc3 Nxd3 11. Qxd3 Ng4 12. Bd2 Ne5 13. Qe2 Qb6 14. Be3 Qb4
15. f4 Nc6 16. Nb3 Na5 17. Nxa5 Qxa5 18. Bd4 a6 19. f5 Bf6 20. Bxf6 gxf6 21.
Qh5 Qb6+ 22. Kh1 Qxb2 23. Rac1 Qd2 24. Rcd1 Qxc3 25. Rf3 Qe5 26. Rg3+ Qxg3 27.
hxg3 exf5 28. exf5 Rd8 29. Rd4 b5 30. c5 d5 31. c6 Ra7 32. Rg4+ Kf8 33. Qh6+
Ke7 34. Qe3+ 1-0

[Event "XVII Aberto "]
[Site "Ourense"]
[Date "2008.07.07"]
[Round "5.27"]
[White "Millan Soto, Miguel"]
[Black "Pazos Porta, Antonio"]
[Result "0-1"]
[WhiteElo "1926"]
[BlackElo "2189"]
[PlyCount "56"]
[EventDate "2008.07.03"]

1. e4 e6 2. d4 d5 3. Nc3 Nf6 4. e5 Nfd7 5. f4 c5 6. Nf3 Nc6 7. Be3 a6 8. Qd2 b5
9. dxc5 Bxc5 10. Nd4 Nxd4 11. Bxd4 O-O 12. O-O-O b4 13. Na4 Bxd4 14. Qxd4 Qa5
15. b3 Bb7 16. Kb1 Rac8 17. h4 Bc6 18. Nb2 Nc5 19. Nd3 Ne4 20. Nxb4 Bb5 21. Kb2
Nc3 22. Re1 Bxf1 23. Rexf1 Rc4 24. Qxc4 dxc4 25. Kxc3 cxb3 26. Kxb3 Qb6 27. Ka3
Qc5 28. Ka4 a5 0-1

[Event "XVII Aberto "]
[Site "Ourense"]
[Date "2008.07.07"]
[Round "5.29"]
[White "Hermida Araujo, Lino"]
[Black "Mejuto De Ulloa, Jorge"]
[Result "0-1"]
[WhiteElo "1907"]
[BlackElo "2067"]
[PlyCount "50"]
[EventDate "2008.07.03"]

1. d4 e6 2. Nf3 Nf6 3. g3 Be7 4. Bg2 O-O 5. O-O d5 6. Nbd2 c5 7. c3 b6 8. Re1
Bb7 9. Ne5 Nbd7 10. Ndf3 Ne4 11. h4 f6 12. Nxd7 Qxd7 13. Nd2 Rad8 14. Qc2 Qc6
15. Nxe4 dxe4 16. dxc5 Bxc5 17. Rf1 Qc7 18. h5 Qxg3 19. e3 Qe5 20. Qe2 Bd6 21.
Re1 Bb8 22. Bd2 Rd5 23. c4 Qh2+ 24. Kf1 Rg5 25. f4 exf3 0-1

[Event "XVII Aberto "]
[Site "Ourense"]
[Date "2008.07.07"]
[Round "5.30"]
[White "Doval Gonzalez, Jose"]
[Black "Outomuro Nieves, Rafael"]
[Result "0-1"]
[WhiteElo "1886"]
[BlackElo "2051"]
[PlyCount "132"]
[EventDate "2008.07.03"]

1. e4 c5 2. Nc3 d6 3. g3 g6 4. Bg2 Bg7 5. d3 Nc6 6. Be3 e6 7. Qd2 a6 8. Nge2
Qc7 9. O-O h5 10. h3 Nge7 11. Rab1 Bd7 12. a3 Nd4 13. Rfc1 e5 14. b4 Bxh3 15.
bxc5 dxc5 16. Bh1 Bg4 17. Bxd4 cxd4 18. Nd5 Nxd5 19. exd5 Rb8 20. Re1 O-O 21.
c4 Rfd8 22. Qc2 Bf8 23. Qa4 Bd6 24. Rbc1 Qc5 25. Ra1 Bd7 26. Qc2 b5 27. g4 Bxg4
28. Ng3 bxc4 29. Ne4 Qc7 30. dxc4 Bf5 31. Nf6+ Kh8 32. Qd2 Kg7 33. Qg5 Rh8 34.
Ne4 Bxe4 35. Bxe4 Qe7 36. Qg2 h4 37. f4 h3 38. Qg4 Rh4 39. Qg5 Qxg5+ 40. fxg5
Rb2 41. Rad1 Rg4+ 42. Kh1 Rxg5 43. Rc1 Bc5 44. d6 Bxd6 45. c5 Bc7 46. Rb1 Rxb1
47. Rxb1 f5 48. Bd5 Ba5 49. Rb7+ Kh6 50. c6 d3 51. c7 Bxc7 52. Rxc7 e4 53. Rc8
Kh5 54. Kh2 Kg4 55. Rc4 Kf3 56. Rc3 Ke3 57. Kxh3 Rh5+ 58. Kg2 f4 59. Bb7 Kd4
60. Rc6 Rg5+ 61. Kf1 d2 62. Rd6+ Ke3 63. Bxe4 Kxe4 64. Rxd2 Ra5 65. Rd6 g5 66.
Rg6 Kf3 0-1

[Event "XVII Aberto "]
[Site "Ourense"]
[Date "2008.07.07"]
[Round "5.31"]
[White "De Francisco De Diego, Felipe"]
[Black "Perez Vazquez, Victor Manuel"]
[Result "1-0"]
[WhiteElo "2019"]
[BlackElo "1881"]
[PlyCount "43"]
[EventDate "2008.07.03"]

1. d4 f5 2. c4 Nf6 3. Nc3 e6 4. Nf3 Be7 5. Bf4 O-O 6. e3 c6 7. Bd3 Qe8 8. Qc2
d5 9. O-O-O Nbd7 10. h3 c5 11. cxd5 Nxd5 12. Nxd5 exd5 13. Bxf5 Nf6 14. dxc5
Bxf5 15. Qxf5 Bxc5 16. Ng5 Rc8 17. Kb1 g6 18. Qe6+ Qxe6 19. Nxe6 Rf7 20. Rc1 b6
21. b4 Rc6 22. Nd8 1-0

[Event "XVII Aberto "]
[Site "Ourense"]
[Date "2008.07.07"]
[Round "5.32"]
[White "Gomez Dominguez, Breixo"]
[Black "Bello Filgueira, Joaquin Antoni"]
[Result "1-0"]
[WhiteElo "1856"]
[BlackElo "2015"]
[PlyCount "109"]
[EventDate "2008.07.03"]

1. e4 e6 2. Nc3 d5 3. d4 Nf6 4. Bg5 dxe4 5. Nxe4 Be7 6. Bxf6 Bxf6 7. c3 O-O 8.
Bd3 e5 9. Nxf6+ Qxf6 10. Qh5 e4 11. Bxe4 Re8 12. Qxh7+ Kf8 13. O-O-O Qf4+ 14.
Rd2 Qxe4 15. Qh8+ Ke7 16. Qxg7 Qe1+ 17. Rd1 Qxf2 18. Nf3 Qe3+ 19. Rd2 Be6 20.
d5 Bxd5 21. Re1 Qxe1+ 22. Nxe1 Be6 23. Qg5+ Kf8 24. Rd4 Nd7 25. Rh4 f6 26. Rh8+
Ke7 27. Rh7+ Bf7 28. Qd5 Ne5 29. Nf3 Kf8 30. Rh8+ Kg7 31. Rxe8 Rxe8 32. Qxb7
Nd3+ 33. Kd2 Nf4 34. Qxc7 Re2+ 35. Kd1 Re4 36. Nd4 Re5 37. g3 Nd5 38. Qxa7 Ne3+
39. Kc1 Kg6 40. b4 Nc4 41. b5 Re1+ 42. Kc2 Bd5 43. Qd7 Rf1 44. Qe8+ Kh7 45.
Qh5+ Kg7 46. Kd3 Ne5+ 47. Ke3 Re1+ 48. Kd2 Ra1 49. Nf5+ Kf8 50. Qh7 Rxa2+ 51.
Ke3 Nf7 52. Qg7+ Ke8 53. Qxf6 Ra7 54. Nd6+ Nxd6 55. Qxd6 1-0

[Event "XVII Aberto "]
[Site "Ourense"]
[Date "2008.07.07"]
[Round "5.33"]
[White "Viterbo Ferreira, Jorge Joao"]
[Black "Conde Carvajal, Juan Delfin"]
[Result "1-0"]
[WhiteElo "2002"]
[BlackElo "1873"]
[PlyCount "63"]
[EventDate "2008.07.03"]

1. e4 Nf6 2. e5 Nd5 3. d4 d6 4. c4 Nb6 5. exd6 exd6 6. Be3 Be7 7. Nf3 O-O 8.
Be2 Nc6 9. d5 Ne5 10. Nxe5 dxe5 11. O-O Bf5 12. Nc3 Nd7 13. Rc1 Bg5 14. Qd2
Bxe3 15. Qxe3 Qe7 16. Rfd1 a6 17. Bf3 Qd6 18. a3 Bg6 19. b4 b6 20. Ne4 Bxe4 21.
Bxe4 f5 22. Bb1 Rf6 23. c5 Qe7 24. d6 cxd6 25. c6 f4 26. Qb3+ Kh8 27. cxd7 Qxd7
28. Qd5 Raf8 29. Be4 Qg4 30. Bf3 Qh4 31. Rc6 Rh6 32. h3 1-0

[Event "XVII Aberto "]
[Site "Ourense"]
[Date "2008.07.07"]
[Round "5.34"]
[White "Gomez Dominguez, Xavier"]
[Black "Ferreira, Miguel"]
[Result "1-0"]
[WhiteElo "1977"]
[BlackElo "1807"]
[PlyCount "87"]
[EventDate "2008.07.03"]

1. e4 c6 2. d4 d5 3. Nd2 dxe4 4. Nxe4 Bf5 5. Ng3 Bg6 6. h4 h6 7. Nf3 Nd7 8. h5
Bh7 9. Bd3 Bxd3 10. Qxd3 e6 11. Bf4 Qa5+ 12. Bd2 Qc7 13. O-O-O Ngf6 14. c4
O-O-O 15. Bc3 Bd6 16. Ne4 Nxe4 17. Qxe4 Nf6 18. Qc2 Ng4 19. Kb1 Rhg8 20. Rh4
Nxf2 21. Qxf2 Bg3 22. Qe2 Bxh4 23. Nxh4 Qf4 24. Nf3 Qf5+ 25. Ka1 Qxh5 26. Qe4
Rge8 27. g4 Qh3 28. Ne5 f5 29. Qe2 fxg4 30. Nf7 Rd7 31. Ne5 Rdd8 32. Bb4 Qh5
33. Ba5 b6 34. c5 Kb7 35. Nc4 bxa5 36. Nxa5+ Ka8 37. Qa6 Rd7 38. Qxc6+ Kb8 39.
Qxd7 Qd5 40. Nc6+ Qxc6 41. Qxc6 Re7 42. Qd6+ Rc7 43. c6 a5 44. Rf1 1-0

[Event "XVII Aberto "]
[Site "Ourense"]
[Date "2008.07.07"]
[Round "5.35"]
[White "Mateus, Francisco"]
[Black "Alonso Macias, Victor"]
[Result "0-1"]
[WhiteElo "1806"]
[BlackElo "1977"]
[PlyCount "68"]
[EventDate "2008.07.03"]

1. e4 d5 2. exd5 Nf6 3. Nf3 Nxd5 4. d4 Bf5 5. c4 Nb4 6. Nc3 e6 7. Be3 Be7 8.
Be2 O-O 9. O-O Bf6 10. Qd2 Qe7 11. Nb5 Nc2 12. Rac1 Nxe3 13. fxe3 Rd8 14. Nc3
Nd7 15. Qe1 c5 16. Qg3 cxd4 17. exd4 Nb6 18. Rfd1 a5 19. Bf1 Qb4 20. b3 a4 21.
bxa4 Nxa4 22. Nxa4 Qxa4 23. Rd2 Be4 24. Re1 Bxf3 25. Qxf3 Bxd4+ 26. Kh1 Qc6 27.
Qg4 e5 28. Bd3 g6 29. Rb1 Bc3 30. Be4 Qxc4 31. Rxd8+ Rxd8 32. Rc1 Rd4 33. Qg3
Rxe4 34. Rxc3 Qf1# 0-1

[Event "XVII Aberto "]
[Site "Ourense"]
[Date "2008.07.07"]
[Round "5.37"]
[White "Nora, Fernando"]
[Black "Rodriguez Alvarez, Sergio"]
[Result "0-1"]
[WhiteElo "1941"]
[BlackElo "1746"]
[PlyCount "88"]
[EventDate "2008.07.03"]

1. Nf3 g6 2. g3 Bg7 3. Bg2 d6 4. c4 Nf6 5. Nc3 O-O 6. d3 c6 7. O-O Nbd7 8. Rb1
Ng4 9. Qc2 Nde5 10. b4 Nxf3+ 11. Bxf3 Ne5 12. Bg2 Be6 13. b5 Qc7 14. a4 Qc8 15.
bxc6 Nxc6 16. e3 Rb8 17. Ba3 Ne5 18. Rfc1 Bh3 19. Nd5 Nc6 20. c5 Bxg2 21. Kxg2
e6 22. Nc3 dxc5 23. Bxc5 Rd8 24. Ne2 b6 25. Bxb6 axb6 26. Qxc6 Qa6 27. Qc4 Qb7+
28. Qe4 Rxd3 29. Qxb7 Rxb7 30. Rc6 Ra3 31. Rc8+ Bf8 32. Ra8 Kg7 33. Rb5 Ra2 34.
Nc1 Rc2 35. Nb3 Rcc7 36. Kf3 Ra7 37. Rxa7 Rxa7 38. Rxb6 Rxa4 39. Rb7 Rb4 40.
Rxb4 Bxb4 41. Nd4 Kf6 42. Ke4 Bd6 43. f4 e5 44. g4 exd4 0-1

[Event "XVII Aberto "]
[Site "Ourense"]
[Date "2008.07.07"]
[Round "5.38"]
[White "Perez Pascual, Arturo"]
[Black "Blazquez Criado, Federico David"]
[Result "1-0"]
[WhiteElo "2016"]
[BlackElo "1743"]
[PlyCount "33"]
[EventDate "2008.07.03"]

1. e4 e5 2. Nf3 f5 3. Nxe5 Qf6 4. Nc4 fxe4 5. Nc3 Qg6 6. Ne3 c6 7. d3 Bb4 8.
dxe4 Bxc3+ 9. bxc3 Qxe4 10. Qh5+ g6 11. Qg5 Qe7 12. Qa5 Nf6 13. Ba3 d6 14. Bc4
b6 15. Qg5 Be6 16. Bxd6 Qf7 17. Qe5 1-0

[Event "XVII Aberto "]
[Site "Ourense"]
[Date "2008.07.07"]
[Round "5.39"]
[White "Salgado Gonzalez, Julio"]
[Black "Lorenzo Serrano, Henar"]
[Result "0-1"]
[WhiteElo "1916"]
[BlackElo "1745"]
[PlyCount "66"]
[EventDate "2008.07.03"]

1. d4 Nf6 2. Bf4 g6 3. h3 Bg7 4. e3 O-O 5. Nd2 d6 6. Bd3 Nbd7 7. Bh2 Qe8 8. c4
e5 9. Ne2 b6 10. O-O Bb7 11. Rc1 h6 12. b4 a5 13. b5 Nh7 14. a4 f5 15. Qb3 Qf7
16. Qa3 Qf6 17. f4 Rae8 18. Bb1 exf4 19. Nxf4 Ng5 20. h4 Nf7 21. Nf3 Kh7 22. h5
gxh5 23. Nxh5 Qe6 24. Nxg7 Kxg7 25. Nh4 Rg8 26. d5 Qf6 27. Nxf5+ Kh8 28. Nxd6
Rxg2+ 29. Kxg2 Qg5+ 30. Bg3 Nxd6 31. Qb2+ Kg8 32. Kh1 Nxc4 33. Qc2 Bxd5+ 0-1

[Event "XVII Aberto "]
[Site "Ourense"]
[Date "2008.07.07"]
[Round "5.40"]
[White "Rey Torres, Salvador"]
[Black "Gomez Dieguez, David"]
[Result "1-0"]
[WhiteElo "1906"]
[BlackElo "1727"]
[PlyCount "73"]
[EventDate "2008.07.03"]

1. d4 Nf6 2. Nf3 e6 3. Bg5 Bb4+ 4. c3 Ba5 5. e3 Bb6 6. Bd3 c5 7. O-O d5 8. Nbd2
Nc6 9. Ne5 h6 10. Bh4 Nxe5 11. dxe5 g5 12. exf6 gxh4 13. Qa4+ Bd7 14. Qxh4 Qc7
15. e4 Bc6 16. exd5 Bxd5 17. Bb5+ Bc6 18. Bxc6+ Qxc6 19. Nc4 O-O-O 20. Nxb6+
Qxb6 21. b3 Qc6 22. Rad1 Rhg8 23. Rxd8+ Kxd8 24. Rd1+ Kc8 25. g3 Rg6 26. Qf4 b5
27. Rd2 a6 28. Qe5 Rg5 29. Qf4 Rg6 30. h4 a5 31. Qe5 b4 32. cxb4 cxb4 33. Qd4
Qc7 34. Qd3 Kb8 35. Qb5+ Ka8 36. Qe8+ Qb8 37. Rd8 1-0

[Event "XVII Aberto "]
[Site "Ourense"]
[Date "2008.07.07"]
[Round "5.41"]
[White "Gil Fernandez, Juan Jose"]
[Black "Garcia Fernandez, Manuel"]
[Result "0-1"]
[WhiteElo "1551"]
[BlackElo "1873"]
[PlyCount "96"]
[EventDate "2008.07.03"]

1. e4 c5 2. Nc3 e6 3. g3 d5 4. e5 Nc6 5. f4 h5 6. Nf3 h4 7. g4 Be7 8. h3 a6 9.
Bg2 Qc7 10. O-O Nh6 11. Re1 Bd7 12. Kh1 O-O-O 13. Ne2 f6 14. d4 fxe5 15. fxe5
Rdf8 16. c3 Nf7 17. Bf4 Qd8 18. Qc2 Ng5 19. Nxg5 Bxg5 20. Bxg5 Qxg5 21. Rf1 Be8
22. Qc1 Qxc1 23. Raxc1 c4 24. Nf4 Kd7 25. Rf3 g5 26. Ne2 Rxf3 27. Bxf3 Rf8 28.
Rf1 Bg6 29. Nc1 b5 30. Kg1 b4 31. Rf2 bxc3 32. bxc3 Rb8 33. Kg2 Rb1 34. Ne2 a5
35. Ng1 Na7 36. Rf1 Rxf1 37. Kxf1 Nb5 38. Ne2 Bd3 39. Ke1 Bxe2 40. Bxe2 Nxc3
41. a3 Nb5 42. Bd1 Nxd4 43. Ba4+ Kc7 44. Kd2 Nf3+ 45. Ke3 Nxe5 46. Kd4 Kd6 47.
Bd1 Nc6+ 48. Kc3 e5 0-1

[Event "XVII Aberto "]
[Site "Ourense"]
[Date "2008.07.07"]
[Round "5.42"]
[White "Portela Gonzalez, Adrian"]
[Black "Novoa Siota, Jose Antonio"]
[Result "1-0"]
[WhiteElo "1858"]
[BlackElo "1725"]
[PlyCount "67"]
[EventDate "2008.07.03"]

1. e4 c5 2. Nf3 Nc6 3. d4 cxd4 4. Nxd4 e5 5. Nb5 a6 6. Nd6+ Bxd6 7. Qxd6 Qe7 8.
Qd1 h6 9. Nc3 Nf6 10. Be2 b5 11. O-O O-O 12. Bf3 Bb7 13. Be3 Rac8 14. a3 Rfe8
15. Qd2 Nd8 16. Rfd1 Ne6 17. Nd5 Nxd5 18. exd5 Nc5 19. b4 e4 20. Bxc5 d6 21.
Bg4 dxc5 22. d6 Rcd8 23. dxe7 Rxd2 24. Rxd2 Rxe7 25. Rd7 Rxd7 26. Bxd7 cxb4 27.
axb4 Kf8 28. Re1 g6 29. Kf1 f5 30. Be6 Ke7 31. Bb3 Kf6 32. c4 Ke5 33. Rd1 g5
34. c5 1-0

[Event "XVII Aberto "]
[Site "Ourense"]
[Date "2008.07.07"]
[Round "5.43"]
[White "Casal Salgado, Jose Luis"]
[Black "Cruz Guerra, Samuel"]
[Result "1/2-1/2"]
[WhiteElo "1855"]
[BlackElo "1602"]
[PlyCount "40"]
[EventDate "2008.07.03"]

1. d4 Nf6 2. Nf3 d5 3. c4 e6 4. Nc3 c6 5. Bg5 Nbd7 6. e3 Qa5 7. Bxf6 Nxf6 8.
Nd2 Bd6 9. Bd3 O-O 10. O-O e5 11. cxd5 exd4 12. Nce4 Nxe4 13. Nxe4 Bc7 14. d6
Bb6 15. exd4 Qb4 16. d7 Bxd7 17. Nf6+ gxf6 18. Qh5 f5 19. Qg5+ Kh8 20. Qf6+ Kg8
1/2-1/2

[Event "XVII Aberto "]
[Site "Ourense"]
[Date "2008.07.07"]
[Round "5.44"]
[White "Pena Lodeiro, Jose Luis"]
[Black "Sabuz Forneiro, Martin"]
[Result "1/2-1/2"]
[WhiteElo "1809"]
[BlackElo "1469"]
[PlyCount "103"]
[EventDate "2008.07.03"]

1. d4 Nf6 2. c4 e5 3. dxe5 Ng4 4. Bf4 Nc6 5. Nf3 Bb4+ 6. Nbd2 Qe7 7. e3 Ngxe5
8. Nxe5 Nxe5 9. a3 Bxd2+ 10. Qxd2 d6 11. Be2 O-O 12. O-O Re8 13. Rfe1 Bf5 14.
Bf1 Qh4 15. Bg3 Qh5 16. Bxe5 Rxe5 17. f4 Re6 18. h3 Be4 19. g4 Qh4 20. Qf2
Qxf2+ 21. Kxf2 Rae8 22. Rad1 f5 23. g5 h6 24. h4 hxg5 25. hxg5 c5 26. Rd2 Kf7
27. Kg3 Bc6 28. b4 Rxe3+ 29. Rxe3 Rxe3+ 30. Kh2 Rxa3 31. b5 Be8 32. Rxd6 Ke7
33. Rd5 Rf3 34. Re5+ Kd7 35. Rd5+ Ke7 36. Re5+ Kd8 37. Bg2 Rxf4 38. Bxb7 Rxc4
39. Rxf5 Rc2+ 40. Kg3 g6 41. Rd5+ Kc7 42. Re5 Bxb5 43. Be4 Rc3+ 44. Kf2 Bd3 45.
Bxd3 Rxd3 46. Rxc5+ Kd6 47. Ra5 Rd5 48. Ra6+ Ke7 49. Rxg6 a5 50. Ke3 Kf7 51.
Rf6+ Ke7 52. Kf4 1/2-1/2